Sketches of Persia / (Record no. 21603)

MARC details
000 -LEADER
fixed length control field 00650cam a2200229u 4500
001 - CONTROL NUMBER
control field 6019148
003 - CONTROL NUMBER IDENTIFIER
control field BDDh-ASL
005 - DATE AND TIME OF LATEST TRANSACTION
control field 20231015030021.0
008 - FIXED-LENGTH DATA ELEMENTS--GENERAL INFORMATION
fixed length control field 830419s18611888enk 000 0 eng
010 ## - LIBRARY OF CONGRESS CONTROL NUMBER
LC control number 49042258
040 ## - CATALOGING SOURCE
Original cataloging agency DLC
Transcribing agency CarP
Modifying agency DLC
-- BDDh-ASL
050 00 - LIBRARY OF CONGRESS CALL NUMBER
Classification number DS258
Item number .M25 1861
082 ## - DEWEY DECIMAL CLASSIFICATION NUMBER
Classification number 955
Item number MAS
100 1# - MAIN ENTRY--PERSONAL NAME
Personal name Malcolm, John,
Dates associated with a name 1769-1833.
245 10 - TITLE STATEMENT
Title Sketches of Persia /
250 ## - EDITION STATEMENT
Edition statement New ed.
260 ## - PUBLICATION, DISTRIBUTION, ETC.
Place of publication, distribution, etc. London :
Name of publisher, distributor, etc. J. Murray,
-- Assell and Company,
Date of publication, distribution, etc. 1861.
-- 1888.
300 ## - PHYSICAL DESCRIPTION
Extent xvi, 287 p. :
Dimensions 15 cm.
651 #0 - SUBJECT ADDED ENTRY--GEOGRAPHIC NAME
Geographic name Iran
General subdivision Description and travel.
906 ## - LOCAL DATA ELEMENT F, LDF (RLIN)
a 0
b cbc
c premunv
d u
e ncip
f 19
g y-gencatlg
942 ## - ADDED ENTRY ELEMENTS (KOHA)
Source of classification or shelving scheme Dewey Decimal Classification
Koha item type Books
Holdings
Withdrawn status Lost status Source of classification or shelving scheme Damaged status Not for loan Collection code Home library Current library Shelving location Date acquired Source of acquisition Total Checkouts Full call number Barcode Date last seen Copy number Price effective from Koha item type Public note
    Dewey Decimal Classification   Not For Loan Non-fiction Asiatic Society Library Asiatic Society Library General Stacks 02/07/2021 ASB Library Collections   955 MAS 105447 02/07/2021 C-1 02/07/2021 Books RARE

Powered by Koha